000 01389nam2a2200241 4500
001 RU\NLR\BIBL_A\022786547
005 20260426073232.0
035 _a(NLR Aleph) 022786547
090 _a13693695
_c13693695
100 _a20260416d2026 u y0rusy50 ca
101 0 _arus
102 _aRU
200 1 _aЧерноморские гидрокрейсера
_fР. Иваниченко
210 _d2026
461 0 _1001RU\NLR\INFOCOMM\1000090925
_12001#$aМорская коллекция$eСправ. по кораб. составу$eПрил. к журн. "Моделист-конструктор"$fУчредитель: "Ред. журн. "Моделист-конструктор" в форме АОЗТ"$v2026, № 2 (317)
_93245256
_cМ.
_d1995-
_fУчредитель: "Ред. журн. "Моделист-конструктор" в форме АОЗТ"
_nРед. журн. "Моделист-конструктор" в форме АОЗТ
_oСправ. по кораб. составу : Прил. к журн. "Моделист-конструктор"
_tМорская коллекция
_v2026, № 2 (317)
606 1 _aГидроавианосцы
_xИстория
_yРоссия
_92705759
_3RU\NLR\AUTH\6601769428
686 1 _aЦ661.12г(2)
700 1 _aИваниченко
_bР.
_gРанис
852 _aNLR
_jП11/3767
942 _cISSUE
980 _aRUSPER
980 _aNB